| 000 | 00516nam a2200193 a 4500 | ||
|---|---|---|---|
| 005 | 20240920064046.0 | ||
| 008 | 991125s1997 mx 000 0 spa u | ||
| 020 | _a9681651197 | ||
| 035 | _aUPN01000013411 | ||
| 049 | _aCG | ||
| 050 | 4 |
_aLC1390 _bM6.28 |
|
| 100 | 1 |
_aMontaigne, Michel de, _d1533-1592 |
|
| 245 | 1 | 0 |
_aDe la educación de los hijos / _cMichel de Montaigne. |
| 260 |
_aMéxico : _bFCE, _c1997. |
||
| 300 | _a71 p. | ||
| 440 | 0 | _aFondo 2000 | |
| 650 | 4 |
_aEducación de niños _95387 |
|
| 905 | _aLibro | ||
| 999 |
_c13411 _d13411 |
||